LEADER 03700nam 22007455 450 001 9910634049103321 005 20251113175630.0 010 $a9783031207136 010 $a3031207130 024 7 $a10.1007/978-3-031-20713-6 035 $a(MiAaPQ)EBC7156598 035 $a(Au-PeEL)EBL7156598 035 $a(CKB)25657399400041 035 $a(PPN)268686203 035 $a(OCoLC)1363106486 035 $a(DE-He213)978-3-031-20713-6 035 $a(EXLCZ)9925657399400041 100 $a20221210d2022 u| 0 101 0 $aeng 135 $aurcnu|||||||| 181 $ctxt$2rdacontent 182 $cc$2rdamedia 183 $acr$2rdacarrier 200 10$aAdvances in Visual Computing $e17th International Symposium, ISVC 2022, San Diego, CA, USA, October 3?5, 2022, Proceedings, Part I /$fedited by George Bebis, Bo Li, Angela Yao, Yang Liu, Ye Duan, Manfred Lau, Rajiv Khadka, Ana Crisan, Remco Chang 205 $a1st ed. 2022. 210 1$aCham :$cSpringer International Publishing :$cImprint: Springer,$d2022. 215 $a1 online resource (486 pages) 225 1 $aLecture Notes in Computer Science,$x1611-3349 ;$v13598 311 08$aPrint version: Bebis, George Advances in Visual Computing Cham : Springer International Publishing AG,c2023 9783031207129 320 $aIncludes bibliographical references and index. 327 $aDeep Learning I -- Visualization -- Object Detection and Recognition -- Deep Learning II -- Video Analysis and Event Recognition -- Computer Graphics -- ST: Biomedical Imaging Techniques for Cancer Detection, Diagnosis and Management. 330 $aThis two-volume set of LNCS 13598 and 13599 constitutes the refereed proceedings of the 17th International Symposium on Visual Computing, ISVC 2022, which was held in October 2022. The 61 papers presented in these volumes were carefully reviewed and selected from 110 submissions. They are organized in the following topical sections: Part I: deep learning I; visualization; object detection and recognition; deep learning II; video analysis and event recognition; computer graphics; ST: biomedical imaging techniques for cancer detection, diagnosis and management. Part II: ST: neuro-inspired artificia intelligence; applications; segmentation and tracking; virtual reality; poster. 410 0$aLecture Notes in Computer Science,$x1611-3349 ;$v13598 606 $aImage processing$xDigital techniques 606 $aComputer vision 606 $aArtificial intelligence 606 $aComputer engineering 606 $aComputer networks 606 $aSocial sciences$xData processing 606 $aComputer Imaging, Vision, Pattern Recognition and Graphics 606 $aArtificial Intelligence 606 $aComputer Engineering and Networks 606 $aComputer Application in Social and Behavioral Sciences 606 $aComputer Engineering and Networks 615 0$aImage processing$xDigital techniques. 615 0$aComputer vision. 615 0$aArtificial intelligence. 615 0$aComputer engineering. 615 0$aComputer networks. 615 0$aSocial sciences$xData processing. 615 14$aComputer Imaging, Vision, Pattern Recognition and Graphics. 615 24$aArtificial Intelligence. 615 24$aComputer Engineering and Networks. 615 24$aComputer Application in Social and Behavioral Sciences. 615 24$aComputer Engineering and Networks. 676 $a929.605 676 $a006.37 702 $aBebis$b George 801 0$bMiAaPQ 801 1$bMiAaPQ 801 2$bMiAaPQ 906 $aBOOK 912 $a9910634049103321 996 $aAdvances in Visual Computing$9772261 997 $aUNINA